000 00484nam a22001937a 4500
003 MPLRDC
005 20220104123911.0
008 210129b ||||| |||| 00| 0 eng d
020 _a957-693-003-0
082 _a176.54 LZD
100 _a吕政达
245 _a偷时间的人
_c
250 _a初版三刷
260 _a台湾
_b张老师出版社
_c1992
300 _b
490 _a生涯系列. 6
650 _a情绪; 感情--紧张与弛缓
942 _cBK
_o176.54 LZD
999 _c15091
_d15081